000 02736cam a2200289 i 4500
999 _c7745
_d7745
003 OSt
005 20200518141054.0
008 151027s2016 nyu b 001 0 eng
020 _a9781620403754 (hardback)
082 0 0 _a720.973
_223
100 1 _aHoward, Hugh,
_d1952-
_eauthor.
245 1 0 _aArchitecture's odd couple :
_bFrank Lloyd Wright and Philip Johnson /
_cHugh Howard.
300 _ax, 333 pages ;
_c25 cm
504 _aIncludes bibliographical references (pages 309-320) and index,
520 _a"In architectural terms, the twentieth century can be largely summed up with two names: Frank Lloyd Wright and Philip Johnson. Wright (1867-1959) began it with his romantic prairie style; Johnson (1906-2005) brought down the curtain with his spare postmodernist experiments. Between them, they built some of the most admired and discussed buildings in American history. Differing radically in their views on architecture, Wright and Johnson shared a restless creativity, enormous charisma, and an outspokenness that made each man irresistible to the media. Often publicly at odds, they were the twentieth century's flint and steel; their repeated encounters consistently set off sparks. Yet as acclaimed historian Hugh Howard shows, their rivalry was also a fruitful artistic conversation, one that yielded new directions for both men. It was not despite but rather because of their contentious--and not always admiring--relationship that they were able so powerfully to influence history. In Architecture's Odd Couple, Howard deftly traces the historical threads connecting the two men and offers readers a distinct perspective on the era they so enlivened with their designs. Featuring many of the structures that defined modern space--from Fallingwater to the Guggenheim, from the Glass House to the Seagram Building--this book presents an arresting portrait of modern architecture's odd couple and how they shaped the American landscape by shaping each other"--
600 1 0 _aWright, Frank Lloyd,
_d1867-1959
_xFriends and associates.
600 1 0 _aWright, Frank Lloyd,
_d1867-1959
_xCriticism and interpretation.
600 1 0 _aJohnson, Philip,
_d1906-2005
_xFriends and associates.
600 1 0 _aJohnson, Philip,
_d1906-2005
_xCriticism and interpretation.
650 0 _aArchitecture
_zUnited States
_xHistory
_y20th century.
650 7 _aARCHITECTURE / History / General.
_2bisacsh
650 7 _aHISTORY / Americas (North, Central, South, West Indies).
_2bisacsh
650 7 _aBIOGRAPHY & AUTOBIOGRAPHY / Artists, Architects, Photographers.
_2bisacsh
650 7 _aARCHITECTURE / History / Modern (late 19th Century to 1945).
_2bisacsh
650 7 _aARCHITECTURE / History / Contemporary (1945-).
_2bisacsh
942 _2ddc